| 000 | 00497nam a2200193Ia 4500 | ||
|---|---|---|---|
| 003 | IN-BaIIA | ||
| 008 | 211028s9999 xx 000 0 eng d | ||
| 020 | _a81-7371-041-4 | ||
| 040 | _cIIA Library | ||
| 080 |
_a5 _bHAZ |
||
| 100 |
_aHazen, Robert M _928872 |
||
| 245 | 0 |
_aScience matters _cRobert M. Hazen and James Trefil |
|
| 250 | _arep. | ||
| 260 |
_aHyderabad _bUniversities Press _c1997 |
||
| 300 | _a249p. | ||
| 650 |
_aScience _91299 |
||
| 700 |
_aTrefil, James _928871 |
||
| 942 | _cBK | ||
| 999 |
_c18596 _d18596 |
||